[Event "Agarr's Standard Free for All 5"]
[Site "SchemingMind.com"]
[Date "2011.12.20"]
[Round "-"]
[White "Scooter"]
[Black "agarr"]
[Result "1-0"]
[WhiteCountry "USA"]
[BlackCountry "RUS"]
[WhiteElo "1818"]
[WhiteRD "56"]
[BlackElo "1708"]
[BlackRD "78"]
[GameID "299469"]

1. d4 d5 2. Nf3 Bf5 3. e3 e6 4. Bd3 Be4 5. O-O Nf6 6. c4 Bxd3 7. Qxd3 dxc4 8. Qxc4 Nc6 9. Qb5 Rb8 10. Ne5 Qd5
11. Qa4 Bd6 12. Nxc6 bxc6 13. Qxa7 O-O 14. Qa4 Qh5 15. h3 g5 16. Qd1 Qh6 17. Nc3 g4 18. e4 Bf4 19. Bxf4 Qxf4 20. e5 Nd5
21. Qxg4+ Qxg4 22. hxg4 Rxb2 23. Na4 Rb4 24. Nc5 Rxd4 25. f3 Kh8 26. a4 Ra8 27. a5 Rb4 28. a6 Rb5 29. Rfc1 Nb4 30. g3 Rb6
31. a7 Nd5 32. f4 Ne7 33. Rd1 Nd5 34. f5 Rb3 35. Nxb3
1-0

[Event "Agarr's Standard Free for All 5"]
[Site "SchemingMind.com"]
[Date "2011.12.20"]
[Round "-"]
[White "agarr"]
[Black "Scooter"]
[Result "0-1"]
[WhiteCountry "RUS"]
[BlackCountry "USA"]
[WhiteElo "1708"]
[WhiteRD "78"]
[BlackElo "1818"]
[BlackRD "56"]
[GameID "299470"]

1. e4 c6 2. d4 d5 3. exd5 cxd5 4. Bb5+ Bd7 5. Bxd7+ Nxd7 6. Nf3 Ngf6 7. O-O g6 8. Bf4 e6 9. Ne5 Bg7 10. Nxd7 Nxd7
11. Re1 O-O 12. Nc3 Qb6 13. Be3 Qxb2 14. Qd2 Qa3 15. Reb1 Nb6 16. Rb3 Qe7 17. Rab1 Nc4 18. Qd3 Nxe3 19. Rxb7 Qa3 20. R7b4 Nf5
21. R4b3 Qd6
0-1

[Event "Agarr's Standard Free for All 5"]
[Site "SchemingMind.com"]
[Date "2011.12.26"]
[Round "-"]
[White "emvarela"]
[Black "agarr"]
[Result "0-1"]
[WhiteCountry "ARG"]
[BlackCountry "RUS"]
[WhiteElo "1819"]
[WhiteRD "48"]
[BlackElo "1763"]
[BlackRD "79"]
[GameID "299540"]

1. e4 e5 2. Nf3 Nc6 3. Bb5 Bc5 4. O-O Nd4 5. Nxd4 Bxd4 6. c3 Bb6 7. d4 exd4 8. cxd4 c6 9. Bc4 d5 10. exd5 cxd5
11. Bb5+ Bd7 12. Re1+ Ne7 13. Bxd7+ Qxd7 14. Be3 O-O 15. Nc3 Nf5 16. Qf3 Nxe3 17. fxe3 Rad8 18. a4 a6 19. b4 Rfe8 20. a5 Ba7
21. Rad1 Re6 22. Re2 Rc6 23. Na4 Rc4 24. Rb2 Qxa4
0-1

[Event "Agarr's Standard Free for All 5"]
[Site "SchemingMind.com"]
[Date "2011.12.26"]
[Round "-"]
[White "emvarela"]
[Black "Scooter"]
[Result "1-0"]
[WhiteCountry "ARG"]
[BlackCountry "USA"]
[WhiteElo "1803"]
[WhiteRD "48"]
[BlackElo "1737"]
[BlackRD "53"]
[GameID "299541"]

1. e4 c6 2. d4 d5 3. Nc3 dxe4 4. Nxe4 Bf5 5. Ng3 Bg6 6. h4 h6 7. h5 Bh7 8. Nf3 Nd7 9. Bd3 Bxd3 10. Qxd3 Ngf6
11. Bf4 e6 12. O-O-O Be7 13. Ne5 Nxe5 14. dxe5 Qxd3 15. Rxd3 Nd5 16. Be3 Nxe3 17. fxe3 Rd8 18. Rhd1 O-O 19. Rxd8 Rxd8 20. Rxd8+ Bxd8
21. Kd2 Bc7 22. Ne4 Bxe5 23. c3 Kf8 24. Nc5 Ke7 25. Nxb7 g6 26. hxg6 fxg6 27. Na5 g5 28. Nxc6+ Kd6 29. Nxa7 Kc5 30. Kd3 h5
31. a4 g4 32. b4+ Kb6 33. Nb5 h4 34. Nd4 h3 35. gxh3 Bxd4 36. hxg4 Bf6 37. c4 Bg5 38. c5+ Kc6 39. e4 e5 40. Kc4 Be7
41. b5+ Kc7 42. Kd5 Bf6 43. g5 Bxg5 44. Kxe5 Be3 45. Kd5 Bf2 46. e5
1-0

[Event "Agarr's Standard Free for All 5"]
[Site "SchemingMind.com"]
[Date "2011.12.26"]
[Round "-"]
[White "agarr"]
[Black "emvarela"]
[Result "1-0"]
[WhiteCountry "RUS"]
[BlackCountry "ARG"]
[WhiteElo "1845"]
[WhiteRD "67"]
[BlackElo "1803"]
[BlackRD "48"]
[GameID "299542"]

1. e4 e5 2. Nf3 Nc6 3. Bc4 Bc5 4. c3 Nf6 5. d4 exd4 6. e5 d5 7. exd6 Qxd6 8. O-O O-O 9. b4 Bb6 10. cxd4 Nxd4
11. a3 Nxf3+ 12. Qxf3 Ng4 13. Qf4 Qxf4 14. Bxf4 c6 15. h3 Nf6 16. Nd2 Nd5 17. Bd6 Re8 18. Rfe1 Be6 19. Rac1 Nc7 20. Bxe6 Nxe6
21. Nc4 Nd4 22. Kf1 Re6 23. Rxe6 Nxe6 24. Nxb6 axb6 25. Rc3 Rd8 26. Bg3 Rd1+ 27. Ke2 Rg1 28. Kf3 Ng5+ 29. Kg4 h6 30. Rd3 Rxg2
31. Rd7 Ne4 32. Kf3 Rxg3+ 33. fxg3 Nc3 34. Rxb7 Nd5 35. Rb8+ Kh7 36. Rc8 Nc3 37. Rxc6 Nb5 38. Rxb6 Nxa3 39. Rb8 Nc2 40. b5 Nd4+
41. Ke4 Ne2 42. Kf3 Nd4+ 43. Kf2 g5 44. b6 Nc6 45. Rc8
1-0

[Event "Agarr's Standard Free for All 5"]
[Site "SchemingMind.com"]
[Date "2011.12.26"]
[Round "-"]
[White "Scooter"]
[Black "emvarela"]
[Result "1-0"]
[WhiteCountry "USA"]
[BlackCountry "ARG"]
[WhiteElo "1737"]
[WhiteRD "53"]
[BlackElo "1803"]
[BlackRD "48"]
[GameID "299543"]

1. d4 Nf6 2. Nf3 d5 3. Bf4 c5 4. e3 Nc6 5. c3 e6 6. Bb5 Qb6 7. Bxc6+ bxc6 8. Qb3 Bd7 9. O-O cxd4 10. exd4 Qxb3
11. axb3 Be7 12. h3 c5 13. Ne5 cxd4 14. Nxd7 Nxd7 15. cxd4 a5 16. Bd2 Bd8 17. b4 a4 18. Nc3 Nb6 19. Ra2 Be7 20. Nb5 O-O
21. Rfa1 Nc4 22. Be1 Rfb8 23. b3 Rxb5 24. bxc4 dxc4 25. Rxa4 Rxa4 26. Rxa4 g6 27. Bd2 Bf6 28. Bh6 Rb8 29. Bf4 Rb7 30. Bh6 Rb8
31. b5 Bxd4 32. Rxc4 Bg7 33. Bxg7 Kxg7 34. Rb4 f5 35. b6 Kf7 36. Kf1 Ke7 37. Ke2 Kd6 38. Kd3 Kc5 39. Rb2 Rxb6 40. Rxb6 Kxb6
41. Kd4 Kc6 42. Ke5 Kd7 43. Kf6 Kd6 44. Kg7 g5 45. Kxh7 Ke5 46. Kg6 Kf4 47. g3+ Kf3 48. h4 gxh4 49. gxh4 Kxf2 50. h5 f4
51. h6
1-0

[Event "Agarr's Standard Free for All 5"]
[Site "SchemingMind.com"]
[Date "2011.12.27"]
[Round "-"]
[White "echecs"]
[Black "agarr"]
[Result "0-1"]
[WhiteCountry "ENG"]
[BlackCountry "RUS"]
[WhiteElo "1823"]
[WhiteRD "68"]
[BlackElo "1732"]
[BlackRD "76"]
[GameID "299895"]

1. e4 e5 2. Nf3 Nc6 3. Bc4 Bc5 4. Ng5 Qxg5 5. O-O Qd8 6. c3 Nf6 7. b4 Bb6 8. a4 a6 9. d3 d6 10. a5 Ba7
11. Bg5 O-O 12. Nd2 Kh8 13. Bd5 Ne7 14. Bxf6 gxf6 15. Bc4 c6 16. Qh5 d5 17. exd5 cxd5 18. Bb3 Ng6 19. Rac1 Rg8 20. g3 Nf4
21. Qf3 Bg4 22. Qh1 Ne2+ 23. Kg2 Nxc1 24. Rxc1 Qd7 25. Qe1 Rg7 26. Nf1 Rag8 27. Rc2 Bh3+ 28. Kh1 Bxf1 29. Qxf1 f5 30. Qh3 b5
31. f3 f6 32. Qf1 f4 33. g4 f5 34. h3 Rg6 35. Rh2 Rh6 36. Qe2 Be3 37. c4 fxg4 38. hxg4 Rxh2+ 39. Qxh2 dxc4 40. dxc4 bxc4
41. Bc2 Rg7 42. Qe2 Qd2 43. Qxc4 Qe1+ 44. Kg2 Qg1+ 45. Kh3 Qh1#
0-1

[Event "Agarr's Standard Free for All 5"]
[Site "SchemingMind.com"]
[Date "2011.12.28"]
[Round "-"]
[White "echecs"]
[Black "emvarela"]
[Result "0-1"]
[WhiteCountry "ENG"]
[BlackCountry "ARG"]
[WhiteElo "1853"]
[WhiteRD "63"]
[BlackElo "1697"]
[BlackRD "45"]
[GameID "299896"]

1. e4 e5 2. Nf3 Nc6 3. Bc4 Bc5 4. c3 d6 5. b4 Bb6 6. a4 a6 7. O-O Nf6 8. d3 Bg4 9. h3 Bh5 10. Nbd2 O-O
11. Qb3 Bxf3 12. Nxf3 h6 13. a5 Ba7 14. Be3 Bxe3 15. fxe3 Qe7 16. Nh4 Kh7 17. Nf5 Qd7 18. Rf3 g6 19. Nxh6 Kxh6 20. Rxf6 Rae8
21. Raf1 Nd8 22. Bxf7 Nxf7 23. Rxf7 Rxf7 24. Rxf7 Re7 25. Rf3 c6 26. Qg8 Rg7 27. Qf8 d5 28. Qh8+ Rh7 29. Qxe5 dxe4 30. Qxe4 Re7
31. Qh4+ Kg7 32. Qd4+ Qxd4 33. cxd4 Rd7 34. Kf2 Rd5 35. Rf4 Rb5 36. e4 Rxb4 37. e5 Rb2+ 38. Ke3 Rb5 39. e6 Rf5 40. Re4 Kf8
41. g4 Rxa5 42. Kf4 g5+ 43. Kg3 Ke7 44. h4 gxh4+ 45. Kxh4 Rd5 46. g5 a5 47. Kh5 a4 48. Kh6 a3 49. g6 a2 50. Re1 Rxd4
51. g7 Rg4 52. Ra1 Rg2 53. Rxa2 Rxa2 54. g8=Q Rh2+ 55. Kg6 Rg2+ 56. Kh7 Rxg8 57. Kxg8 Kxe6 58. Kf8 b5 59. Ke8 b4 60. Kd8 b3
61. Kc7 Kd5 62. Kb6 b2 63. Ka5 b1=Q 64. Ka6 c5 65. Ka5 Qb4+ 66. Ka6 Kc6
0-1

[Event "Agarr's Standard Free for All 5"]
[Site "SchemingMind.com"]
[Date "2011.12.27"]
[Round "-"]
[White "echecs"]
[Black "Scooter"]
[Result "0-1"]
[WhiteCountry "ENG"]
[BlackCountry "USA"]
[WhiteElo "1823"]
[WhiteRD "68"]
[BlackElo "1857"]
[BlackRD "58"]
[GameID "299897"]

1. e4 c6 2. d4 d5 3. Nc3 dxe4 4. Nxe4 Bf5 5. Ng3 Bg6 6. h4 h6 7. Nf3 Nd7 8. h5 Bh7 9. Bd3 Bxd3 10. Qxd3 Qc7
11. Bd2 e6 12. O-O-O Ngf6 13. Ne4 O-O-O 14. g3 Nxe4 15. Qxe4 Bd6 16. Qg4 Rhg8 17. c4 Nf6 18. Qh3 Ne4 19. Be3 f5 20. c5 Be7
21. Rhf1 Qa5 22. a3 Ng5 23. Nxg5 Bxg5 24. f4 Bf6 25. Rd3 Rd5 26. Rfd1 Rgd8 27. Qg2 Qb5 28. Qc2 e5 29. Rb3 Qa4 30. Qxf5+ Kb8
31. Rb4 Rxc5+ 32. Kd2 Qa5 33. fxe5 Bxe5 34. Qf7 Rb5 35. Ke2 Rxb4 36. axb4 Qb5+ 37. Kf2 Qxb4 38. Rd2 Rf8 39. dxe5 Rxf7+ 40. Kg2 Qe4+
0-1

[Event "Agarr's Standard Free for All 5"]
[Site "SchemingMind.com"]
[Date "2011.12.28"]
[Round "-"]
[White "agarr"]
[Black "echecs"]
[Result "0-1"]
[WhiteCountry "RUS"]
[BlackCountry "ENG"]
[WhiteElo "1708"]
[WhiteRD "78"]
[BlackElo "1820"]
[BlackRD "66"]
[GameID "299898"]

1. e4 e5 2. Nf3 Nc6 3. Bc4 Bc5 4. c3 Nf6 5. d4 exd4 6. cxd4 Bb4+ 7. Nc3 O-O 8. e5 Ne4 9. Qb3 Bxc3+ 10. bxc3 Na5
11. Bxf7+ Rxf7 12. Qd5 Nxf2 13. Kxf2 Qh4+ 14. g3 Qg4 15. Kg2 c6 16. h3 Qf5
0-1

[Event "Agarr's Standard Free for All 5"]
[Site "SchemingMind.com"]
[Date "2011.12.28"]
[Round "-"]
[White "emvarela"]
[Black "echecs"]
[Result "0-1"]
[WhiteCountry "ARG"]
[BlackCountry "ENG"]
[WhiteElo "1778"]
[WhiteRD "48"]
[BlackElo "1831"]
[BlackRD "68"]
[GameID "299899"]

1. e4 e5 2. Nf3 Nc6 3. Bb5 a6 4. Bxc6 dxc6 5. O-O Bg4 6. h3 h5 7. d3 Qf6 8. Nbd2 g5 9. Nc4 Bxf3 10. Qxf3 Qg7
11. Be3 f6 12. d4 exd4 13. Bxd4 O-O-O 14. Rad1 Be7 15. Qf5+ Kb8 16. e5 Rf8 17. exf6 Bxf6 18. Bxf6 Nxf6 19. Ne5 Ka8 20. Ng6 Nd5
21. Nxf8 Rxf8 22. Qd3 Qxb2 23. Rb1 Qf6 24. c4 Nf4 25. Qd7 Kb8 26. Rb3 Rd8 27. Qh7 c5 28. Qc2 Re8 29. Rf3 Qd6 30. Rd1 Qe5
31. Re3 Qh8 32. Rxe8+ Qxe8 33. Qd2 Ka7 34. Re1 Qc6 35. f3 b6 36. Re5 Qf6 37. Kh2 Qxe5 38. Kh1 Qe2 39. Qxe2 Nxe2 40. g4 h4
41. Kg2 Nf4+ 42. Kh2 b5
0-1

[Event "Agarr's Standard Free for All 5"]
[Site "SchemingMind.com"]
[Date "2011.12.28"]
[Round "-"]
[White "Scooter"]
[Black "echecs"]
[Result "1-0"]
[WhiteCountry "USA"]
[BlackCountry "ENG"]
[WhiteElo "1818"]
[WhiteRD "56"]
[BlackElo "1820"]
[BlackRD "66"]
[GameID "299900"]

1. d4 g6 2. Nf3 Bg7 3. Bf4 Nf6 4. e3 d6 5. h3 O-O 6. Be2 Nh5 7. Bh2 c5 8. c3 Nc6 9. O-O Qb6 10. Qb3 Qxb3
11. axb3 Be6 12. Nbd2 cxd4 13. Nxd4 Nxd4 14. exd4 Nf6 15. Bc4 d5 16. Bd3 Rfd8 17. Rfe1 a6 18. f4 Kf8 19. b4 Bh6 20. Nb3 Bd7
21. g4 Bg7 22. g5 Nh5 23. h4 e6 24. Be2 h6 25. Bxh5 gxh5 26. Nd2 hxg5 27. fxg5 Ke7 28. Ra5 Bb5 29. Nf1 f6 30. Ng3 fxg5
31. hxg5 Kf7 32. Nxh5 Bf8 33. Rf1+ Ke7 34. Rf2 b6 35. Ra1 Ra7 36. g6 Bh6 37. Rf7+ Ke8 38. Nf6#
1-0

[Event "Agarr's Standard Free for All 5"]
[Site "SchemingMind.com"]
[Date "2012.01.03"]
[Round "-"]
[White "Phillip Beckett"]
[Black "agarr"]
[Result "1/2-1/2"]
[WhiteCountry "ENG"]
[BlackCountry "RUS"]
[WhiteElo "1612"]
[WhiteRD "50"]
[BlackElo "1708"]
[BlackRD "78"]
[GameID "300025"]

1. e4 e5 2. Nf3 Nc6 3. Bb5 Bc5 4. O-O d6 5. d4 exd4 6. Nxd4 Bd7 7. Nxc6 Bxc6 8. Bxc6+ bxc6 9. Nc3 Nf6 10. Qf3 O-O
11. Bg5 Bd4 12. Rad1 Be5 13. Na4 Qb8 14. b3 Qb4 15. c4 Rfe8 16. Bd2 Qb7 17. Rfe1 c5 18. Nc3 Bxc3 19. Bxc3 Nxe4 20. Bb2 Rab8
21. Qg4 f6 22. f3 Ng5 23. h4 Nf7 24. Bxf6 g6 25. h5 g5 26. Bxg5 Nxg5 27. Qxg5+ Kh8 28. h6 c6 29. Qf6+ Kg8 30. Qg5+ Kh8
31. Qf6+=
1/2-1/2

[Event "Agarr's Standard Free for All 5"]
[Site "SchemingMind.com"]
[Date "2011.12.29"]
[Round "-"]
[White "Phillip Beckett"]
[Black "echecs"]
[Result "1/2-1/2"]
[WhiteCountry "ENG"]
[BlackCountry "ENG"]
[WhiteElo "1612"]
[WhiteRD "50"]
[BlackElo "1820"]
[BlackRD "66"]
[GameID "300026"]

1. e4 e5 2. Nf3 Nc6 3. Bb5 a6 4. Bxc6 dxc6 5. d4 exd4 6. Qxd4 Bg4 7. Qxd8+ Rxd8 8. Be3 Nf6 9. Nbd2 Be7 10. h3 Bxf3
11. gxf3 O-O 12. O-O-O Nd7 13. Nb3 Ne5 14. f4 Nf3 15. Rxd8 Rxd8 16. Rd1 Rxd1+ 17. Kxd1 b6 18. Nd4 Nxd4 19. Bxd4 Kf8 20. f3=
1/2-1/2

[Event "Agarr's Standard Free for All 5"]
[Site "SchemingMind.com"]
[Date "2011.12.30"]
[Round "-"]
[White "Phillip Beckett"]
[Black "emvarela"]
[Result "0-1"]
[WhiteCountry "ENG"]
[BlackCountry "ARG"]
[WhiteElo "1594"]
[WhiteRD "53"]
[BlackElo "1819"]
[BlackRD "48"]
[GameID "300027"]

1. e4 e5 2. Nf3 Nc6 3. Bb5 f5 4. exf5 e4 5. Bxc6 dxc6 6. Ne5 Bxf5 7. O-O Qd4 8. Qh5+ g6 9. Nxg6 Bxg6 10. Qg5 Be7
11. Qg4 Nf6 12. Qe2 Bh5 13. Qe1 O-O-O 14. c3 Qd3 15. Qe3 Qxe3 16. dxe3 Rd1 17. Rxd1 Bxd1 18. Nd2 b5 19. Kf1 Bc2 20. Nb3 Rd8
21. Nd2 Bd3+ 22. Ke1 Bd6 23. b3 Bxh2 24. g3 Ng4 25. c4 Bg1 26. cxb5 Bxf2+ 27. Kd1 Nxe3#
0-1

[Event "Agarr's Standard Free for All 5"]
[Site "SchemingMind.com"]
[Date "2011.12.29"]
[Round "-"]
[White "Phillip Beckett"]
[Black "Scooter"]
[Result "0-1"]
[WhiteCountry "ENG"]
[BlackCountry "USA"]
[WhiteElo "1612"]
[WhiteRD "50"]
[BlackElo "1818"]
[BlackRD "56"]
[GameID "300028"]

1. e4 c6 2. d4 d5 3. Nc3 dxe4 4. Nxe4 Bf5 5. Ng3 Bg6 6. Nf3 Nd7 7. c3 Ngf6 8. Bd3 Bxd3 9. Qxd3 Qc7 10. O-O e6
11. Bg5 Bd6 12. Rfe1 O-O 13. Rad1 h6 14. Be3 Rfd8 15. Qb1 Bxg3 16. hxg3 Qa5 17. Bf4 Ng4 18. Ne5 Ngxe5 19. Bxe5 Nxe5 20. Rxe5 Rd5
21. Rxd5 Qxd5 22. b3 Rd8 23. Re1 c5 24. dxc5 Qxc5 25. Rd1 Rxd1+ 26. Qxd1= Qa5 27. Qc2 b5 28. b4 Qb6 29. Qd2 Kf8 30. Kf1 a6
31. f4 Ke7 32. g4 Qd6 33. Qxd6+ Kxd6 34. Ke2 Kd5 35. Kd3 f6 36. g3 e5 37. c4+ bxc4+ 38. Kc3 e4 39. a4 e3 40. b5 axb5
41. axb5 Ke4 42. b6 e2 43. Kd2 Kf3 44. b7 c3+ 45. Ke1 c2 46. b8=Q c1=Q#
0-1

[Event "Agarr's Standard Free for All 5"]
[Site "SchemingMind.com"]
[Date "2012.01.03"]
[Round "-"]
[White "agarr"]
[Black "Phillip Beckett"]
[Result "1-0"]
[WhiteCountry "RUS"]
[BlackCountry "ENG"]
[WhiteElo "1708"]
[WhiteRD "78"]
[BlackElo "1612"]
[BlackRD "50"]
[GameID "300029"]

1. e4 e5 2. Nf3 Nc6 3. Bc4 Nf6 4. d3 d6 5. Bg5 Be7 6. O-O h6 7. Be3 O-O 8. Nc3 Bg4 9. Qd2 Nh7 10. h3 Bxf3
11. gxf3 Bg5 12. Nd5 Bxe3 13. fxe3 Ng5 14. Qg2 Ne7 15. f4 exf4 16. exf4 Nxd5 17. Bxd5 Ne6 18. Kh1 c6 19. Bb3 Nc5 20. Rg1 Qf6
21. d4 Nxb3 22. axb3 g6 23. f5 Kh7 24. Raf1 Qg5 25. Qxg5 hxg5 26. Rxg5 Rae8 27. Rf4 Kg7 28. f6+ Kg8 29. Rh4 c5 30. Rgg4 Re6
31. Rh6 Rxf6 32. Rgh4 Rf2 33. Rh8+ Kg7 34. R4h7+
1-0

[Event "Agarr's Standard Free for All 5"]
[Site "SchemingMind.com"]
[Date "2011.12.29"]
[Round "-"]
[White "echecs"]
[Black "Phillip Beckett"]
[Result "1-0"]
[WhiteCountry "ENG"]
[BlackCountry "ENG"]
[WhiteElo "1820"]
[WhiteRD "66"]
[BlackElo "1612"]
[BlackRD "50"]
[GameID "300030"]

1. e4 e5 2. Nf3 Nc6 3. Bc4 Nf6 4. Ng5 Bc5 5. Bxf7+ Ke7 6. Bd5 Rf8 7. O-O d6 8. h3 Qe8 9. c3 Qg6 10. d4 Bb6
11. Kh1 exd4 12. Bxc6 bxc6 13. cxd4 h6 14. Nf3 Nh5 15. Nc3 Nf4 16. Nh4 Qg5 17. g3 Bxh3 18. Nf5+ Bxf5 19. Bxf4 Qg4 20. exf5 Qh3+
21. Kg1 Rxf5 22. Re1+ Kd7 23. Qe2 Raf8 24. Qe6+ Kd8 25. Bxd6 cxd6 26. Qxd6+ Kc8 27. Qxc6+ Kb8 28. Re7 Rh5 29. Qb7#
1-0

[Event "Agarr's Standard Free for All 5"]
[Site "SchemingMind.com"]
[Date "2011.12.30"]
[Round "-"]
[White "emvarela"]
[Black "Phillip Beckett"]
[Result "1/2-1/2"]
[WhiteCountry "ARG"]
[BlackCountry "ENG"]
[WhiteElo "1819"]
[WhiteRD "48"]
[BlackElo "1594"]
[BlackRD "53"]
[GameID "300031"]

1. e4 e5 2. Nf3 Nc6 3. Bb5 a6 4. Bxc6 dxc6 5. O-O f6 6. d4 exd4 7. Nxd4 c5 8. Nb3 Qxd1 9. Rxd1 Bd7 10. Bf4 O-O-O
11. Nc3 Ne7 12. Nd5 Nxd5 13. exd5 Bg4 14. f3 Bh5 15. c4 b6 16. Nd2 Bd6 17. Bxd6 Rxd6 18. Ne4 Rdd8 19. Rd3 Bg6 20. Rad1 f5
21. Ng5 h6 22. Ne6 Rd7 23. Nf4 Bf7 24. Ne6 Bxe6 25. dxe6 Re7 26. Re1 Rhe8 27. Rde3 Kb7 28. f4 Kc6 29. a4 Kd6 30. Rd3+ Kc6
31. Rde3 Kd6=
1/2-1/2

[Event "Agarr's Standard Free for All 5"]
[Site "SchemingMind.com"]
[Date "2011.12.29"]
[Round "-"]
[White "Scooter"]
[Black "Phillip Beckett"]
[Result "1-0"]
[WhiteCountry "USA"]
[BlackCountry "ENG"]
[WhiteElo "1818"]
[WhiteRD "56"]
[BlackElo "1612"]
[BlackRD "50"]
[GameID "300032"]

1. d4 d5 2. Nf3 Nf6 3. Bf4 e6 4. e3 c6 5. Bd3 Bd6 6. Bxd6 Qxd6 7. c3 Nbd7 8. O-O O-O 9. Nbd2 e5 10. dxe5 Nxe5
11. Nxe5 Qxe5 12. Nf3 Qc7 13. Qc2 Bg4 14. Ng5 h6 15. Nh7 Nxh7 16. Bxh7+ Kh8 17. Bf5 Bxf5 18. Qxf5 Qc8 19. Qxc8 Raxc8 20. Rfe1 Rfe8
21. f3 Re7 22. Kf2 Rce8 23. Rad1 f5 24. Rd4 g5 25. c4 dxc4 26. Rxc4 Re5 27. Rd4 Kg7 28. Rd7+ R5e7 29. Red1 Kf7 30. Ke2 Rxd7
31. Rxd7+ Re7= 32. Rxe7+ Kxe7 33. Kd3 Kd6 34. Kd4 c5+ 35. Kc4 Kc6 36. a4 a6 37. g4 b5+ 38. Kc3 fxg4 39. fxg4 Kd5 40. b3 Ke4
41. Kd2 bxa4 42. bxa4 c4 43. h3 c3+ 44. Kxc3 Kxe3 45. Kb4 Kf3 46. Ka5 Kg3 47. Kxa6 Kxh3 48. Kb5 Kxg4 49. a5 Kh3 50. a6 g4
51. a7 g3 52. a8=Q g2 53. Qf3+ Kh2 54. Qf4+ Kg1 55. Qxh6 Kf2 56. Qf4+ Kg1 57. Kc4 Kh1 58. Qh4+ Kg1 59. Kd3 Kf1 60. Qf4+ Kg1
61. Ke3 Kh1 62. Qh4+ Kg1 63. Kf3 Kf1 64. Qf2#
1-0

[Event "Agarr's Standard Free for All 5"]
[Site "SchemingMind.com"]
[Date "2012.01.03"]
[Round "-"]
[White "jtrochez1"]
[Black "agarr"]
[Result "0-1"]
[WhiteCountry "HON"]
[BlackCountry "RUS"]
[WhiteElo "1656"]
[WhiteRD "48"]
[BlackElo "1732"]
[BlackRD "76"]
[GameID "300226"]

1. e4 e5 2. Nf3 Nc6 3. Bc4 Bc5 4. d3 d6 5. Ng5 Nh6 6. Nf3 Ng4 7. O-O O-O 8. a3 Be6 9. Bb5 Nd4 10. b4 Bb6
11. Nxd4 Bxd4 12. c3 Bb6 13. d4 exd4 14. cxd4 Qh4 15. h3 Nf6 16. f3 Nh5 17. Be3 Rad8 18. Bf2 Qg5 19. Qd2 Qg6 20. Kh1 Ng3+
21. Bxg3 Qxg3 22. Qf2 Qxf2 23. Rxf2 Bxd4 24. Nc3 Bxf2 25. Nd5 Bxd5 26. exd5 a6 27. Bd3 Rfe8 28. Be4 g6 29. g4 f5 30. gxf5 gxf5
31. Bxf5 Re1+ 32. Rxe1 Bxe1 33. Kg2 b6 34. Bd3 a5 35. Kf1 Re8 36. Be4 axb4 37. axb4 Bxb4 38. Ke2 Bc5 39. Kd3 b5 40. Kc3 Ra8
0-1

[Event "Agarr's Standard Free for All 5"]
[Site "SchemingMind.com"]
[Date "2012.01.02"]
[Round "-"]
[White "jtrochez1"]
[Black "echecs"]
[Result "0-1"]
[WhiteCountry "HON"]
[BlackCountry "ENG"]
[WhiteElo "1626"]
[WhiteRD "49"]
[BlackElo "1820"]
[BlackRD "66"]
[GameID "300227"]

1. e4 e5 2. Nf3 Nc6 3. Bc4 Bc5 4. a3 Nf6 5. h3 Nxe4 6. O-O O-O 7. Qe2 Ng3 8. Qd3 Nxf1 9. Qxf1 d5 10. Be2 e4
11. Ne1 Qg5 12. Kh1 Bd6 13. d4 Qxc1 14. b4 Qb2
0-1

[Event "Agarr's Standard Free for All 5"]
[Site "SchemingMind.com"]
[Date "2012.01.01"]
[Round "-"]
[White "jtrochez1"]
[Black "Phillip Beckett"]
[Result "1/2-1/2"]
[WhiteCountry "HON"]
[BlackCountry "ENG"]
[WhiteElo "1656"]
[WhiteRD "48"]
[BlackElo "1602"]
[BlackRD "51"]
[GameID "300229"]

1. e4 e5 2. Nf3 Nc6 3. Nc3 Nf6 4. Bc4 Nxe4 5. d3 Nxc3 6. bxc3 Be7 7. O-O O-O 8. a4 d6 9. h3 h6 10. Re1 Kh8
11. d4 exd4 12. cxd4 Bf6 13. c3 Bd7 14. Qd3 Na5 15. Bb2 Nxc4 16. Qxc4 Be6 17. d5 Bd7 18. Qb3 b6 19. Rad1 Re8 20. Rxe8+ Qxe8
21. Re1 Qf8 22. Qc4 Rc8 23. Qa6 Ra8 24. a5 Qc8 25. Qxc8+ Rxc8 26. axb6 axb6 27. Nd4 Re8 28. Rxe8+ Bxe8 29. f4 Bxd4+ 30. cxd4 Bb5
31. Kf2 Bc4 32. g4 Bxd5 33. h4 Kg8 34. Ke3 Kf8 35. f5 Ke7 36. Kf4 f6 37. Ba3 c5 38. dxc5 bxc5 39. Ke3 Bg2 40. h5 Kd7
41. Kf2 Bh3 42. Kg3 Bf1 43. Kf2 Bb5 44. Ke3 Kc6 45. Kd2 Kd5 46. Ke3 c4 47. Bb4 Ke5 48. Kf3 Kd5 49. Ke3 Ke5 50. Bc3+ Kd5
51. Bb4 Ke5 52. Bc3+ Kd5 53. Bb4 Ke5 54. Bc3+ Kd5=
1/2-1/2

[Event "Agarr's Standard Free for All 5"]
[Site "SchemingMind.com"]
[Date "2012.01.01"]
[Round "-"]
[White "jtrochez1"]
[Black "Scooter"]
[Result "0-1"]
[WhiteCountry "HON"]
[BlackCountry "USA"]
[WhiteElo "1656"]
[WhiteRD "48"]
[BlackElo "1857"]
[BlackRD "58"]
[GameID "300230"]

1. e4 c6 2. Nf3 d5 3. exd5 cxd5 4. d4 Nf6 5. Nc3 Bg4 6. Be2 e6 7. a3 Be7 8. Bg5 O-O 9. O-O h6 10. Be3 a6
11. Ne5 Bxe2 12. Qxe2 Nc6 13. Nxc6 bxc6 14. Qd1 c5 15. Qd2 cxd4 16. Bxd4 Ne4 17. Nxe4 dxe4 18. Rad1 Bf6 19. Bxf6 Qxf6 20. c3 Rfd8
21. Qe3 Rxd1 22. Rxd1 Rd8 23. Rxd8+ Qxd8 24. h3 Qd3 25. Qc1 a5 26. a4 f5 27. b4 axb4 28. cxb4 Qb3 29. Qc8+ Kh7 30. b5 Qxa4
31. b6 Qd1+ 32. Kh2 Qd6+ 33. Kg1 Qxb6 34. Qc1 Qd4 35. Qe1 e5 36. Kf1 Qd3+ 37. Kg1 f4 38. Kh2 e3 39. fxe3 Qxe3 40. Qxe3 fxe3
41. Kg1 Kg6 42. Kf1 Kf5 43. Ke2 Ke4 44. g4 g5 45. Ke1 Kf3 46. Kf1 e2+
0-1

[Event "Agarr's Standard Free for All 5"]
[Site "SchemingMind.com"]
[Date "2012.01.04"]
[Round "-"]
[White "agarr"]
[Black "jtrochez1"]
[Result "0-1"]
[WhiteCountry "RUS"]
[BlackCountry "HON"]
[WhiteElo "1732"]
[WhiteRD "76"]
[BlackElo "1656"]
[BlackRD "48"]
[GameID "300231"]

1. e4 e5 2. Nf3 Nc6 3. Bc4 h6 4. O-O Na5 5. Nxe5 Nxc4 6. Nxc4 Bc5 7. d4 Be7 8. Nc3 c6 9. Bf4 b5 10. Nd6+ Bxd6
11. Bxd6 Ne7 12. Qg4 O-O 13. Bf4 d6 14. Qg3 Kh7 15. Bxd6 Rg8 16. f4 Qxd6 17. Qd3 g6 18. f5 gxf5 19. exf5 Bxf5 20. Rxf5 Nxf5
21. Qxf5+ Qg6 22. Qxg6+ Rxg6 23. Rf1 f6 24. d5 cxd5 25. Nxd5 Rf8 26. g3 h5 27. Nf4 Rh6 28. Re1 a5 29. Re7+ Kg8 30. Ra7 a4
31. Rb7 Rc8 32. Rxb5 Rxc2 33. b3= Rxa2 34. bxa4 Rxa4 35. Nxh5 Ra2 36. h4 Kf7 37. Nf4 Rh8 38. Rb8 Rxb8
0-1

[Event "Agarr's Standard Free for All 5"]
[Site "SchemingMind.com"]
[Date "2012.01.02"]
[Round "-"]
[White "echecs"]
[Black "jtrochez1"]
[Result "1-0"]
[WhiteCountry "ENG"]
[BlackCountry "HON"]
[WhiteElo "1837"]
[WhiteRD "67"]
[BlackElo "1452"]
[BlackRD "53"]
[GameID "300232"]

1. e4 e5 2. Nf3 Nc6 3. Bc4 h6 4. d4 exd4 5. Nxd4 Ne5 6. Bd3 Nxd3+ 7. cxd3 d5 8. Qe2 Be7 9. Nc3 Be6 10. Nxe6 fxe6
11. exd5 exd5 12. Qh5+ Kf8 13. Qxd5 Qxd5 14. Nxd5 Bd6 15. Be3 Ne7 16. Nxe7 Bxe7 17. O-O Bf6 18. Rab1 Kf7 19. b3 Rhe8 20. Rfc1 c6
21. Rd1 b6 22. b4 b5 23. Rdc1 Re6 24. g3 a5 25. a3 a4 26. Rc2 Rc8 27. h4 g5 28. hxg5 Bxg5 29. Bc5 Rce8 30. Rbb2 Bf6
31. Ra2 Re1+ 32. Kg2 R8e6 33. Kf3 Bg5 34. Kg4 Kg6 35. f4 h5+ 36. Kf3 Bf6 37. Rh2 Be7 38. d4 Bxc5 39. dxc5 Rd1 40. Rhe2 Rxe2
41. Rxe2 h4 42. gxh4 Kf6 43. Ke4 Rh1 44. Rd2 Re1+ 45. Kf3 Rf1+ 46. Ke3 Re1+ 47. Kf2 Rh1 48. Kg3 Rg1+ 49. Kf2 Rg4 50. Rd6+ Kf5
51. Rxc6 Rxh4 52. Rb6 Kxf4 53. Rxb5 Rh2+ 54. Kg1 Kg3 55. c6 Rc2 56. Rc5 Ra2 57. Kf1 Kf3 58. Ke1 Ke3 59. Kd1 Rd2+ 60. Kc1 Rd8
61. c7
1-0